000 004140000a22001810004500
999 _c48493
_d48493
001 1324
003 CO-MdFUSB
005 20180301180441.0
008 180301b xxu||||| |||| 00| 0 eng d
020 _a958-04-0478-X
040 _cCO-MdBIC
082 0 4 _a505 V66cp
110 1 _aEditorial Norma
245 1 0 _aCosas y casos de nuestro planeta
260 _aBogotá : Norma
300 _a32 Pag.
942 _cLGB